000 00456nam a2200169Ia 4500
003 OSt
005 20200929144344.0
008 190216s9999||||xx |||||||||||||| ||und||
040 _coclc
082 _a593.1
_bKOT/P
100 _aKotpal, R L
_95002
245 0 _aProtozoa /
_cR L Kotpal
260 _bRasthogi Publications,
_c1983.
_aMeerut:
300 _a377p
650 _aZoology
942 _cBK
_2ddc
_h593.1
_iKOT/P
_k593.1
_mKOT/P
999 _c37398
_d37398